[Event "Anti Cheating Blitz Cup"]
[Site "Chess.com INT"]
[Date "2020.05.20"]
[Round "5"]
[White "Garcia Ramos, Daniel"]
[Black "Quispe Damian, Francisco"]
[Result "1-0"]
[WhiteElo "2367"]
[BlackElo "1610"]
[PlyCount "83"]
[EventDate "2020.05.20"]
[EventType "swiss (blitz)"]
[EventRounds "11"]
[EventCountry "USA"]
[SourceTitle "CBM 196 Extra"]
[Source "ChessBase"]
[SourceDate "2020.07.31"]
[SourceVersion "1"]
[SourceVersionDate "2020.07.31"]
[SourceQuality "1"]

1. e4 e6 2. d4 d5 3. Bd3 dxe4 4. Bxe4 Nf6 5. Bf3 c5 6. Ne2 Nc6 7. Be3 cxd4 8. Nxd4 Ne5 9. Nc3 Nxf3+ 10. Qxf3 a6 11. 0-0-0 Bd7 12. Qxb7 Qc8 13. Qxc8+ Rxc8 14. Rhe1 Bb4 15. Bd2 0-0 16. a3 Bxc3 17. Bxc3 Nd5 18. Ba5 h6 19. Kb1 g5 20. h4 Kg7 21. hxg5 hxg5 22. Nf3 f6 23. Bb4 Rfe8 24. g3 Bc6 25. Nd4 Bd7 26. Nb3 Ba4 27. Nc5 Nxb4 28. axb4 Bc6 29. Nxe6+ Kg6 30. Nd4 Bd5 31. b3 Rb8 32. c3 Rxe1 33. Rxe1 Rc8 34. Kb2 Rh8 35. c4 Bb7 36. Re7 Bg2 37. c5 Rb8 38. Kc3 Bd5 39. Rd7 Bf7 40. Rd6 a5 41. bxa5 Rb5 42. Nxb5 1-0